000
00197 a2200097 4500
020
_a
9780763648596
041
_a
eng
100
_a
Megan McDonald
245
_a
Judy Moody saves te World
942
_c
BK
999
_c
31022
_d
31020